| 000 | 00661nam a2200205Ia 4500 | ||
|---|---|---|---|
| 003 | GCL | ||
| 008 | 140319s9999 xx 000 0 ara d | ||
| 040 |
_aGCL / _cGCL |
||
| 082 | 0 | 4 |
_a320.101 _bع ق |
| 100 | 1 | _aعبدالغفار رشاد | |
| 245 | 1 | 0 |
_aقضايا نظرية فى السياسة المقارنة / _cعبدالغفار رشاد |
| 260 |
_a[S.N] : _bمعهد البحوث والدراسات السياسية ، _c1993 |
||
| 300 | _a449 ص | ||
| 490 | _a | ||
| 650 | 0 | 4 | _aالمبادئ السياسية |
| 650 | 0 | 4 | _aالسياسة |
| 650 | 0 | 4 | _aالعلوم السياسية |
| 650 | 0 | 4 | _aالنظم السياسية |
| 942 |
_2ddc _cBK |
||
| 999 |
_c31973 _d31973 |
||